000 01491nab a22002657a 4500
999 _c6373
_d6373
003 OSt
005 20260131212517.0
008 190603e xxum|||| |||| 00| 0 spa d
040 _cPJ
100 _96276
_aBalanesi, Marianela
245 1 3 _aEl cuidado como horizonte bioético del ejercicio profesional responsable :
_breflexiones a partir de un fallo judicial reciente /
_cMarianela Balanesi.
260 _cCiudad Autónoma de Buenos Aires :
_aThomson Reuters La Ley,
_b2025.
300 _ap. 354-360
500 _aCita: TR LALEY AR/DOC/2796/2025 Publicado en: RCCyC 2025 (Diciembre).
505 _aSumario: I. Introducción.— II. El fallo.— III. El consentimiento informado.— IV. La medicina defensiva y su impacto en la relación terapéutica.— V. Los aspectos "invisibles" del fallo.— VI. Recomendaciones y consideraciones finales.
505 _aFallo comentado: CNCiv., sala A ~ 18/07/2025 ~ I., T. R. c. C. P. C. SA y otro s/ daños y perjuicios — resp. prof. médicos y aux.
505 _t¿Te interesa el texto completo? Solicitalo al correo: koha@justierradelfuego.gov.ar
650 0 _aRESPONSABILIDAD PROFESIONAL
_93712
650 0 _aDAÑOS Y PERJUICIOS
_92823
650 0 _aCONSENTIMIENTO INFORMADO
_94273
650 0 _aETICA PROFESIONAL
_9353
650 0 _aDERECHO A LA SALUD
_91253
773 0 _02713
_93170
_dCiudad Autónoma de Buenos Aires : Thomson Reuters La Ley, 2015-
_tRevista Código Civil y Comercial. Nº 6 - Diciembre 2025
942 _2udc
_cANA